The Cambridge history of Turkey
Saved in:
| Other Authors: | , |
|---|---|
| Format: | Book |
| Language: | English |
| Published: |
Cambridge :
Cambridge University Press,
2006-2009
|
| Subjects: | |
| Tags: |
Add Tag
No Tags, Be the first to tag this record!
|
MARC
| LEADER | 00000nam a2200000 i 4500 | ||
|---|---|---|---|
| 001 | 1/76856 | ||
| 008 | 080306m20062009 eng d | ||
| 020 | |a 978-0-521-62093-2 (τ.1) | ||
| 020 | |a 978-0-521-62095-6 (τ.3) | ||
| 020 | |a 978-0-521-62096-3 (τ.4) | ||
| 020 | |a 0-521-62095-3 (τ.3) | ||
| 035 | |l 10095288 | ||
| 040 | |a GR-MY-UA |b gre |e aacr | ||
| 041 | 0 | |a eng | |
| 082 | 0 | |a 956.1 |2 (22) | |
| 245 | 1 | 4 | |a The Cambridge history of Turkey / |c edited by Suraiya N. Faroqhi, Resat Kasaba |
| 260 | |a Cambridge : |b Cambridge University Press, |c 2006-2009 | ||
| 300 | |a τ.; |b εικ., χάρτες; |c 24 εκ. | ||
| 504 | |a Περιέχει βιβλιογραφικές παραπομπές και ευρετήριο | ||
| 505 | 0 | |a T.1. Byzantium to Turkey, 1071-1453/edited by Kate Fleetτ.3. The later Ottoman Empire, 1603-1839/edited by Suraiya N. Faroqhiτ.4. Turkey in the modern world/edited by Resat Kasaba | |
| 651 | 0 | |a Turkey |x History |y 17th century. | |
| 651 | 0 | |a Turkey |x History |y 18th century. | |
| 651 | 0 | |a Turkey |x History |y 19th century. | |
| 651 | 0 | |a Turkey |x History |y 20th century. | |
| 700 | 1 | |a Faroqhi, Suraiya |d 1941- |4 edt | |
| 700 | 1 | |a Kasaba, Resat |d 1954- |4 edt | |
| 740 | 0 | 2 | |a The later Ottoman Empire, 1603-1839 |
| 740 | 0 | 2 | |a Turkey in the modern world |
| 852 | |a INST |b LESVOS |e 20080306 |h 956.1 CAM |p 005100040091 |q 005100040091 |t BK |y 0 |z τ.3 | ||
| 852 | |a INST |b LESVOS |e 20090504 |h 956.1 CAM |p 005100044956 |q 005100044956 |t BK |y 0 |z τ.4 | ||
| 852 | |a INST |b LESVOS |e 20090504 |h 956.1 CAM |p 005100044957 |q 005100044957 |t BK |y 0 |z τ.4 | ||
| 852 | |a INST |b LESVOS |e 20090519 |h 956.1 CAM |p 005100045023 |q 005100045023 |t BK |y 0 |z τ.1 | ||
| 852 | |a INST |b LESVOS |e 20080306 |h 956.1 CAM |p 005100040091 |q 005100040091 |t BK |v τ.3: |y 0 |z τ.3 | ||
| 852 | |a INST |b LESVOS |e 20090504 |h 956.1 CAM |p 005100044956 |q 005100044956 |t BK |v τ.4: |y 0 |z τ.4 | ||
| 852 | |a INST |b LESVOS |e 20090504 |h 956.1 CAM |p 005100044957 |q 005100044957 |t BK |v τ.4: |y 0 |z τ.4 | ||
| 852 | |a INST |b LESVOS |e 20090519 |h 956.1 CAM |p 005100045023 |q 005100045023 |t BK |v τ.1: |y 0 |z τ.1 | ||
| 853 | |a INST |b LESVOS |h 956.1 CAM | ||
| 901 | |a BIBL1-2008-1 | ||
| 901 | |a BIBL1-2009-2 | ||
| 909 | |a Λ |b 143126 | ||
| 909 | |a Λ |b 154190 | ||
| 909 | |a Λ |b 154191 | ||
| 909 | |a Λ |b 158801 | ||
| 922 | |a 1ΕΛΗ |b 200712 |c ΕΠΕΑΕΚ2/ΤΚΑ |d ΠΑΠΑΣΩΤΗΡΙΟΥ | ||
| 922 | |a 1ΕΛΗ |b 200809 |c ΕΠΕΑΕΚ2/ΤΚΑ |d ΜΙΧΑΛΟΠΟΥΛΟΣ | ||
| 922 | |a 1ΕΛΗ |b 200812 |c ΕΠΕΑΕΚ2/ΤΚΑ |d ΜΙΧΑΛΟΠΟΥΛΟΣ | ||
| 970 | |a ΚΑΡΑ |b ΓΙΑΣΕΜΗ |z 2008/03/06 | ||